000 00384nam a2200145Ia 4500
003 GCL
008 140319s9999 xx 000 0 eng d
040 _aGCL /
_cGCL
082 0 4 _a388
_bM F
100 1 _aMIKHALKOV, SERGIE
245 1 0 _aFROM CARRIAGE TO SPACESHIP /
_cMIKHALKOV, SERGIE
260 _a[S.N] :
_bBROWN WATSON LTD ،
_c1975
650 0 4 _aTRANSPORTATION
942 _2ddc
_cBK
999 _c15599
_d15599